| 000 | 00000nam 2200000zi 4500 |
| 001 | 9.933815 |
| 003 | CaOODSP |
| 005 | 20240213112805 |
| 006 | m o d f |
| 007 | cr mn||||||||| |
| 008 | 240213e201211##onc o f000 0 fre d |
| 040 | |aCaOODSP|bfre|erda|cCaOODSP |
| 043 | |an-cn--- |
| 086 | 1 |aRv4-193/2012F-PDF |
| 245 | 00|aMettre l'accent sur les priorités des petites entreprises : |bles consultations de l'Agence du revenu du Canada sur la réduction de la paperasse / |cle présent rapport a été préparé par : INTERSOL. |
| 246 | 10|aConsultations de l'Agence du revenu du Canada sur la réduction de la paperasse |
| 246 | 17|aConsultations sur la réduction de la paperasse - novembre 2012 - rapport |
| 250 | |aVersion finale |
| 264 | 1|aOttawa, ON : |b[Agence du revenu du Canada], |cnovembre 2012. |
| 300 | |a1 ressource en ligne (iii, 26 pages) |
| 336 | |atexte|btxt|2rdacontent/fre |
| 337 | |ainformatique|bc|2rdamedia/fre |
| 338 | |aressource en ligne|bcr|2rdacarrier/fre |
| 500 | |aTitre de la couverture. |
| 500 | |aPublié aussi en anglais sous le titre : Focussing on small business priorities : Canada Revenue Agency consultations on cutting red tape. |
| 520 | |a« Le présent rapport est un sommaire de ce que nous avons entendu pendant les séances de consultation de novembre 2012 sur la réduction de la paperasse à l'ARC avec des propriétaires de petites entreprises, leurs représentants ainsi que leurs comptables » -- Résumé, page 1. |
| 610 | 26|aAgence du revenu du Canada|xOpinion publique. |
| 650 | 6|aPetites et moyennes entreprises|xImpôts|zCanada|xOpinion publique. |
| 650 | 6|aGens d'affaires|xImpôts|zCanada|xAttitudes. |
| 650 | 6|aOpinion publique|zCanada. |
| 710 | 2 |aAgence du revenu du Canada, |eorganisme de publication. |
| 710 | 2 |aIntersol Group (Firme), |econsultant. |
| 775 | 08|tFocussing on small business priorities : |w(CaOODSP)9.928852 |
| 856 | 40|qPDF|s723 Ko|uhttps://publications.gc.ca/collections/collection_2024/arc-cra/Rv4-193-2012-fra.pdf |
| 856 | 4 |qHTML|sS.O.|uhttps://www.canada.ca/fr/agence-revenu/organisation/a-propos-agence-revenu-canada-arc/petites-moyennes-entreprises-agence-revenu-canada-est-mieux-vous-servir/mettre-accent-priorites-petites-entreprises-consultations-agence-revenu-canada-reduction-paperasse.html |